LEADER 01691nam0 22003973i 450 001 CUB0072614 005 20231121125459.0 020 $aIT$b1944 844 100 $a20230315d1943 ||||0itac50 ba 101 | $aita 102 $ait 181 1$6z01$ai $bxxxe 182 1$6z01$an 200 1 $aPagine scelte$fGiuseppe Baretti$gcon introduzione e note di B. T. Sozzi 210 $aTorino$cSocietà Editrice Internazionale$d1943 215 $a XLIII, 186 p.$cill.$d21 cm. 225 | $a˜I œclassici della scuola 410 0$1001RAV0195450$12001 $a˜I œclassici della scuola 676 $a320.51$9Liberalismo$v22 700 1$aBaretti$b, Giuseppe$f <1719-1789>$3RAVV050515$4070$075256 702 1$aSozzi$b, Bortolo Tommaso$3CFIV067030 790 1$aSozzi$b, Tommaso$3SBNV003167$zSozzi, Bortolo Tommaso 790 1$aSozzi$b, Bartolo Tommaso$3SBNV014688$zSozzi, Bortolo Tommaso 790 1$aSozzi$b, B. T.$3SBNV014689$zSozzi, Bortolo Tommaso 790 1$aBaretti$b, Giuseppe Marco Antonio$3MILV151820$zBaretti, Giuseppe <1719-1789> 790 1$aScannabue$b, Aristarco$3PALV039907$zBaretti, Giuseppe <1719-1789> 790 1$aBaretti$b, Joseph$3UBOV793943$zBaretti, Giuseppe <1719-1789> 790 1$aBaretti$b, Giuseppe Antonio$3UTOV568390$zBaretti, Giuseppe <1719-1789> 801 3$aIT$bIT-01$c20230315 850 $aIT-FR0017 899 $aBiblioteca umanistica Giorgio Aprea$bFR0017 $eN 912 $aCUB0072614 950 0$aBiblioteca umanistica Giorgio Aprea$d 52DFV F 15$e 52BUN0000105535 VMB RS $fA $h20230315$i20230315 977 $a 52 996 $aPagine scelte$93606563 997 $aUNICAS